Spectral and kinetic characteristics of the pulsed cathodoluminescence of a natural IIa-type diamond; Russian Physics Journal; Vol. 50, iss. 1

Podrobná bibliografie
Parent link:Russian Physics Journal: Scientific Journal
Vol. 50, iss. 1.— 2007.— [P. 52-57]
Další autoři: Lipatov Е. I., Lisitsyn V. M. Viktor Mikhailovich, Oleshko V. I. Vladimir Ivanovich, Tarasenko V. F. Victor Fedotovich
Shrnutí:Title screen
Emission spectra and decay kinetics of pulsed cathodoluminescence of a natural IIa-type diamond sample are investigated in the spectral range 340–680 nm. The luminescence of the vibronic N3-system and band A are observed. The N3-system is dominant on a nanosecond scale and has a 415.2-nm zero-phonon line with phonon replicas in the range 430–460 nm. The decay time for the N3 system is found to be 30–50 ns. Structureless band A is observed on a millisecond scale; it has a maximum at 460 nm and a decay time of 8.5–8.8 ms.
Режим доступа: по договору с организацией-держателем ресурса
Jazyk:angličtina
Vydáno: 2007
Témata:
On-line přístup:http://dx.doi.org/10.1007/s11182-007-0005-8
Médium: MixedMaterials Elektronický zdroj Kapitola
KOHA link:https://koha.lib.tpu.ru/cgi-bin/koha/opac-detail.pl?biblionumber=655605

MARC

LEADER 00000naa0a2200000 4500
001 655605
005 20250321161259.0
035 |a (RuTPU)RU\TPU\network\21847 
035 |a RU\TPU\network\463 
090 |a 655605 
100 |a 20170918d2007 k||y0rusy50 ba 
101 0 |a eng 
102 |a US 
135 |a drnn ---uucaa 
181 0 |a i  
182 0 |a b 
200 1 |a Spectral and kinetic characteristics of the pulsed cathodoluminescence of a natural IIa-type diamond  |f Е. I. Lipatov [et al.] 
203 |a Text  |c electronic 
300 |a Title screen 
320 |a [Ref.: p. 57 (15 tit.)] 
330 |a Emission spectra and decay kinetics of pulsed cathodoluminescence of a natural IIa-type diamond sample are investigated in the spectral range 340–680 nm. The luminescence of the vibronic N3-system and band A are observed. The N3-system is dominant on a nanosecond scale and has a 415.2-nm zero-phonon line with phonon replicas in the range 430–460 nm. The decay time for the N3 system is found to be 30–50 ns. Structureless band A is observed on a millisecond scale; it has a maximum at 460 nm and a decay time of 8.5–8.8 ms. 
333 |a Режим доступа: по договору с организацией-держателем ресурса 
461 |t Russian Physics Journal  |o Scientific Journal 
463 |t Vol. 50, iss. 1  |v [P. 52-57]  |d 2007 
610 1 |a электронный ресурс 
610 1 |a труды учёных ТПУ 
610 1 |a кинетика 
610 1 |a люминесценция 
610 1 |a исследование 
610 1 |a распад 
610 1 |a алмаз 
610 1 |a катодолюминесценция 
701 1 |a Lipatov  |b Е. I. 
701 1 |a Lisitsyn  |b V. M.  |c physicist  |c Russian physicist  |c Professor of Tomsk Polytechnic University, Candidate of physical and mathematical sciences  |f 1939-  |g Viktor Mikhailovich  |3 (RuTPU)RU\TPU\pers\28330  |9 13239 
701 1 |a Oleshko  |b V. I.  |c specialist in the field of lightning engineering  |c Professor of Tomsk Polytechnic University, Doctor of physical and mathematical sciences  |f 1948-  |g Vladimir Ivanovich  |3 (RuTPU)RU\TPU\pers\33783  |9 17381 
701 1 |a Tarasenko  |b V. F.  |c physicist  |c Professor of Tomsk Polytechnic University, Doctor of physical and mathematical sciences  |f 1946-  |g Victor Fedotovich  |3 (RuTPU)RU\TPU\pers\32090 
801 2 |a RU  |b 63413507  |c 20170918  |g RCR 
856 4 |u http://dx.doi.org/10.1007/s11182-007-0005-8 
942 |c CF